| 000 | 004750000a22001810004500 | ||
|---|---|---|---|
| 003 | LK-CoMWRAF | ||
| 005 | 20230916062920.0 | ||
| 008 | 230817t1946 ||||| |||| 00| 0 eng d | ||
| 040 |
_aLK-CoMWRAF _dLK-CoMWRAF _eLK-CoMWRAF |
||
| 041 | _aeng | ||
| 082 |
_a297 _bQUR |
||
| 100 | _aQureshi, Anwar Iqbal | ||
| 245 | _aIslam and the theory of interest | ||
| 260 |
_aPakistan (Lahore) : _bSh.Muhammad ashraf, _c1946 |
||
| 300 | _a223p | ||
| 650 | _aIslam-Theories | ||
| 942 | _cBK | ||
| 999 |
_c1840 _d1840 |
||